000 00319nam a2200145Ia 4500
005 20250923112854.0
020 _a9789386052308
050 _aQA 76.73.P98 .R36/
100 _aR. Nageswara Rao
245 0 _aCore python programming
250 _a2nd
260 _bDreamtech Press
260 _c2022
942 _cBK
_2lcc
999 _c39777
_d39777